تحميل...
Ham karen rashtra aradhan /
| المؤلف الرئيسي: | |
|---|---|
| التنسيق: | Printed Book |
| اللغة: | Hindi |
| منشور في: |
Allahabad :
1977.
|
| الموضوعات: |
| LEADER | 00480nam a2200145Ia 4500 | ||
|---|---|---|---|
| 008 | 150624b xxu||||| |||| 00| p hin d | ||
| 082 | |a 861.8S1908 | ||
| 100 | |a Viswanath Sukla | ||
| 245 | |c Viswanath Sukla |a Ham karen rashtra aradhan / | ||
| 260 | |a Allahabad : |c 1977. | ||
| 546 | |a In Hindi. | ||
| 650 | |v Poetry | ||
| 942 | |c BK | ||
| 999 | |c 92536 |d 92536 | ||
| 952 | |0 0 |1 0 |4 0 |6 861_000000000000000_8S1908_HAM_H |7 0 |9 92478 |a UL |b UL |c ST1 |d 1998-09-15 |l 0 |o 861.8S1908 HAM H |p 67636 |r 2012-10-27 |w 2012-10-27 |y BK | ||